Solving double integrals using program derive

Guardado en:
Detalles Bibliográficos
Autor principal: Strešňáková, Anna, 1976-
Formato: Capítulo de libro
Lenguaje:eslovaco
Materias:
Etiquetas: Agregar Etiqueta
Sin Etiquetas, Sea el primero en etiquetar este registro!

MARC

LEADER 00000nla a2200000 4500
001 0208607
005 20240502073451.7
041 0 |a slo 
044 |a SK 
245 1 0 |a Solving double integrals using program derive  |c Anna Strešňáková 
500 |a Abstrakt 
610 2 0 |a matematika poistná 
610 2 0 |a metódy aktuárske 
610 2 0 |a funkcie matematické 
610 2 0 |a pravdepodobnosť 
610 2 0 |a poistenie životné 
100 1 |a Strešňáková, Anna, 1976-